HABITUS, DEMOCRACIA Y ACCION POPULAR : LA SOCIOLOGIA DE PIERRE BOURDIEU APLICADA A UN ESTUDIO DE CASO /

INCLUYE BIBLIOGRAFIA

保存先:
書誌詳細
第一著者: Velasco Yáñez, David (autor)
フォーマット: 図書
主題:
タグ: タグ追加
タグなし, このレコードへの初めてのタグを付けませんか!

MARC

LEADER 00000nam^a2200000^a^4500
001 000247386
005 20250521000000.0
009 20260310105609.972
020 |a 968-5087-20-2 
035 |a 071080 
037 |a Acervo Xavier Clavigero 
082 |a 301. VEL 
100 |a Velasco Yáñez, David  |e (autor) 
245 1 0 |a HABITUS, DEMOCRACIA Y ACCION POPULAR :  |b LA SOCIOLOGIA DE PIERRE BOURDIEU APLICADA A UN ESTUDIO DE CASO /  |c DAVID VELASCO YAÑEZ, S.J 
264 |a San Pedro Tlaquepaque, México :  |b ITESO,  |c 2000 
300 |a 679 p. 
336 |a texto  |b txt  |2 rdacontenido 
337 |a sin mediación  |b n  |2 rdamedio 
338 |a volumen  |b nc  |2 rdasoporte 
520 |a INCLUYE BIBLIOGRAFIA 
649 |a XX 
650 |a Bourdieu, Pierre 
650 |a SOCIOLOGIA. 
650 |a Educación y Promoción Popular 
910 |a Fondo General 
920 |a Impresos - Libros 
930 |a Colección General 
905 |a 101 
901 |a 071080  |b IT1  |c ACC  |i 071080  |u 20250521 
902 |a https://opac.biblio.iteso.mx/vufind/Record/000247386